000 01399cam a2200325 i 4500
001 42037
003 Mx-PuUPA
005 20251105143512.0
008 140415s2023 sp gr 001 0 spa d
017 _aM-3333-2023
020 _a9788430987443
040 _aMx-PuUPA
_bspa
_cMx-PuUPA
_dMx-PuUPA
_erda
041 0 _aspa
245 1 3 _aLa cosmovisión de los grandes creadores de la ciencia moderna :
_bconvicciones éticas, políticas, filosóficas o religiosas de los protagonistas de la renovación del saber en los siglos XVI y XVII /
_cJuan Arana, director ; Manuel Fonseca, Juan Arana, Álvaro Balsas [y otros 29], autores
264 1 _aMadrid, España :
_bEditorial Tecnos,
_c2023
300 _a468 páginas ;
_c23 cm
336 _2rdacontent
_atexto
_btxt
337 _2rdamedia
_asin medio
_bn
338 _2rdacarrier
_avolumen
_bnc
650 7 _2armarc
_913986
_aCiencia
_xDisciplina
_xAstronomía
_xCiencia de la tierra
650 7 _2armarc
_aCosmovisión
_ySiglo XX
650 7 _2armarc
_aFilosofía de la naturaleza (cosmología)
650 7 _2armarc
_aCosmología
_xEstructura y evolución del universo
_xCosmografía
700 1 _aArana Cañedo-Argüelles, Juan,
_d1950-
_912955
_edirector
_eautor
700 1 _aAlfonseca, Manuel,
_eautor
_916854
700 1 _aBalsas, Álvaro,
_eautor
942 _2ddc
_cLI
_h523.1
_iL28
999 _c42037
_d42037